000 00733nam a22002057a 4500
005 20100820144410.0
010 _aENG-101065
020 _a9788120340084
_c75.00
035 _aEN-84598
037 _bDBAD/PUB
082 _a533.28
100 _aBalachandran, P.
_916711
245 _aGas tables :
_bfor steady one-dimensional flow of perfect gas /
_cby P. Balachandran
260 _aNew Delhi
_bPHI Learning
_c2010
270 _aM-97, Connaught Circus
_bNew Delhi
_e110001
300 _aix,50p.
_c24cm (pbk)
650 _aGas flow
_916712
942 _2ddc
_cEN
_h533.28
_mBAL
999 _c42722
_d42722